<?xml version="1.0" encoding="UTF-8"?>
<collection xmlns:xsi="http://www.w3.org/2001/XMLSchema-instance" xsi:schemaLocation="http://www.loc.gov/MARC21/slim http://www.loc.gov/standards/marcxml/schema/MARC21slim.xsd" xmlns="http://www.loc.gov/MARC21/slim">
 <record>
  <leader>00000nam a22000004a 4500</leader>
  <controlfield tag="001">UP-8027390931311800303</controlfield>
  <controlfield tag="003">Buklod</controlfield>
  <controlfield tag="005">20250421171624.0</controlfield>
  <controlfield tag="006">m    |o  d |      </controlfield>
  <controlfield tag="007">cr |||||||||||</controlfield>
  <controlfield tag="008">250421s2023    xxu     r    |||| u|eng d</controlfield>
  <datafield tag="020" ind1=" " ind2=" ">
   <subfield code="a">9781032365060 (hbk.)</subfield>
  </datafield>
  <datafield tag="037" ind1=" " ind2=" ">
   <subfield code="a">Econ-34666</subfield>
   <subfield code="b">Linar</subfield>
  </datafield>
  <datafield tag="040" ind1="0" ind2=" ">
   <subfield code="a">DECON</subfield>
   <subfield code="e">rda</subfield>
  </datafield>
  <datafield tag="041" ind1="0" ind2=" ">
   <subfield code="a">eng</subfield>
  </datafield>
  <datafield tag="090" ind1="0" ind2="0">
   <subfield code="a">HC 79</subfield>
   <subfield code="b">R48 2023</subfield>
  </datafield>
  <datafield tag="245" ind1="1" ind2="0">
   <subfield code="a">Rethinking culture and creativity in the digital transformation</subfield>
   <subfield code="c">edited by Luciana Lazzeretti, Stefania Oliva, Niccolo Innocenti and Francesco Capone.</subfield>
  </datafield>
  <datafield tag="264" ind1=" " ind2="0">
   <subfield code="a">Abingdon, Oxon</subfield>
   <subfield code="b">Routledge</subfield>
   <subfield code="c">2023.</subfield>
  </datafield>
  <datafield tag="300" ind1=" " ind2=" ">
   <subfield code="a">x, 243 pages</subfield>
   <subfield code="c">25 cm</subfield>
  </datafield>
  <datafield tag="336" ind1=" " ind2=" ">
   <subfield code="a">text</subfield>
   <subfield code="2">rdacontent</subfield>
   <subfield code="b">txt</subfield>
  </datafield>
  <datafield tag="337" ind1=" " ind2=" ">
   <subfield code="a">unmediated</subfield>
   <subfield code="2">rdamedia</subfield>
   <subfield code="b">n</subfield>
  </datafield>
  <datafield tag="338" ind1=" " ind2=" ">
   <subfield code="a">volume</subfield>
   <subfield code="2">rdacarrier</subfield>
   <subfield code="b">nc</subfield>
  </datafield>
  <datafield tag="504" ind1=" " ind2=" ">
   <subfield code="a">Includes bibliographical references and index.</subfield>
  </datafield>
  <datafield tag="505" ind1="0" ind2="0">
   <subfield code="a">Contents: Introduction - Rethinking culture and creativity in the digital transformation / Luciana Lazzeretti, Stefania Olivia, Niccolo Innocenti and Francesco Capone - - Chapter 1 - What is the role of culture facing the digital revolution challenge? Some reflections for a research agenda / Luciana Lazzeretti - - Chapter 2 - Data-driven arts and cultural organizations: opportunity or chimera? / Massimiliano Nuccio and Enrico Bertacchini - - Chapter 3 - Valuing and creativity impacts in a global technological era: reshaping the analytical framework / Pedro Costa - - Chapter 4 - Museums and digital technology: a literature review on organizational issues / Francesca Taormina and Sara Bonini Baraldi - - Chapter 5 - Is innovation in ICT valuable for the efficiency of Italian museums? / Cologero Guccio, Marco Ferdinando Matorana Mazza, Giacomo Pignataro and Idle Rizzo - - Chapter 6 - Exploring the marriage between fashion and 'Made in Italy&quot; and the key role of G.B. Giorgini / Luciana Lazzeretti and Stefania Olivia - - Chapter 7 - Path renewal dynamics in the Kyoto kimono cluster: how to revitalize cultural heritage through digitalization / Silvia Rita and Tamane Ozeki - - Chapter 8 - Anatomy of a techno-creative community - the role of brokers, places, and events in the emergence of projection mapping in Nantes / Etienne Capron, Dominique Sagot-Duvauroux and Raphael Suire. Chapter 9 - The impact of cultural and creative industries on the wealth of countries, regions and municipalities / Rafael Boix Domenech, Blanca De Miguel Molina and Pau Rausell Koster - - Chapter 10 - Exploiting the technology-driven structural shift to creative work in regional catching up: toward an institutional framework / Ben Vermeuelen and Eleonora Psenner - - Chapter 11 -Uses and practices of digital services in a situation of mobility: evolution versus revolution? the case of the Champs Elysees - - Marie delaplace, Leila Kebir, Marjolaine Gros-Balthazard and Francois Bavaud.</subfield>
  </datafield>
  <datafield tag="650" ind1=" " ind2="0">
   <subfield code="a">Sustainable development</subfield>
   <subfield code="x">Technological innovations.</subfield>
  </datafield>
  <datafield tag="650" ind1=" " ind2="0">
   <subfield code="a">Technological innovations</subfield>
   <subfield code="x">Economic aspects.</subfield>
  </datafield>
  <datafield tag="700" ind1="1" ind2=" ">
   <subfield code="a">Lazzeretti, Luciana</subfield>
   <subfield code="e">editor.</subfield>
  </datafield>
  <datafield tag="700" ind1="1" ind2=" ">
   <subfield code="a">Oliva, Stefania</subfield>
   <subfield code="e">editor.</subfield>
  </datafield>
  <datafield tag="700" ind1="1" ind2=" ">
   <subfield code="a">Innocenti, Niccolo</subfield>
   <subfield code="e">editor.</subfield>
  </datafield>
  <datafield tag="700" ind1="1" ind2=" ">
   <subfield code="a">Capone, Francesco</subfield>
   <subfield code="e">editor.</subfield>
  </datafield>
  <datafield tag="842" ind1=" " ind2=" ">
   <subfield code="a">Book</subfield>
  </datafield>
  <datafield tag="905" ind1=" " ind2=" ">
   <subfield code="a">FO</subfield>
  </datafield>
  <datafield tag="852" ind1="0" ind2=" ">
   <subfield code="a">UPD</subfield>
   <subfield code="b">DECON</subfield>
   <subfield code="h">HC 79</subfield>
   <subfield code="i">R48 2023</subfield>
  </datafield>
  <datafield tag="942" ind1=" " ind2=" ">
   <subfield code="a">Book</subfield>
  </datafield>
 </record>
</collection>
